Normal view
MARC view
Entry Topical Term
001 - CONTROL NUMBER
- control field: 16850
003 - CONTROL NUMBER IDENTIFIER
- control field: BD-RjUL
005 - DATE AND TIME OF LATEST TRANSACTION
- control field: 20250910142256.0
008 - FIXED-LENGTH DATA ELEMENTS
- fixed length control field: 250910|| aca||aabn | a|a d
040 ## - CATALOGING SOURCE
- Original cataloging agency: BD-RjUL
- Transcribing agency: BD-RjUL
150 ## - HEADING--TOPICAL TERM
- Topical term or geographic name entry element: Urdu literature
- Form subdivision: Dakhini dialect
- General subdivision: History
670 ## - SOURCE DATA FOUND
- Source citation: Work cat.: (BD-RjUL)85688: Qadri Zor, Syed Muhyuddin.;;.;; قادرى زور، سيد محى الدين 16849, دكنى ادب كى تاريخ : يعنى اردو زبان كے قديم مركز دل اگبرك، بيدر، پجاپور گولكنڈه، حيدرآباد، اوراورنگآباد كے شاعروں اوراديبوں كى اردو خدمت كى تفصيلى تاريخ (1350 ع تا 1750 ع) /, 1958